| 000 | 00383nam a2200157Ia 4500 | ||
|---|---|---|---|
| 008 | 230917s9999||||xx |||||||||||||| ||und|| | ||
| 040 |
_e152284 _aMAIN |
||
| 041 | _aEnglish | ||
| 082 | _a300.72 B469R | ||
| 100 | _aBhattacharyya, Dipak Kumar | ||
| 245 | 0 | _aResearch methdology | |
| 250 | _a2nd ed. | ||
| 260 |
_aNew Delhi _bExcel Books _c2006 |
||
| 300 | _a399p p. | ||
| 942 | _cBK | ||
| 999 |
_c136787 _d136787 |
||